| 000 | 01511nam a2200385 a 4500 | ||
|---|---|---|---|
| 001 | 000109094 | ||
| 003 | CHAP | ||
| 005 | 20220329144037.0 | ||
| 008 | 140402s2013 mx sm |||||||spa d | ||
| 010 | _a105556 | ||
| 011 | _a106528 | ||
| 040 | _cCHAP | ||
| 090 | _aTesis | ||
| 100 | 1 |
_aPalma Muñoz, Jesús Antonio _9126213 |
|
| 245 | 1 | 0 |
_aGéneros y Especies de insectos depredadores nativos asociados a plagas de nogal Pecanero (Carya illinoinensis Koch) de la Comarca Lagunera de Coahuila _h[En línea] _cpor Jesús Antonio Palma Muñoz. |
| 260 |
_aBermejillo, Dgo. : _bEl autor, _c2013. |
||
| 500 | _aPara ver el contenido del material haga clic en la liga | ||
| 502 | _aTesis (Ing. Agr. Esp. en Sistemas Agrícolas de Zonas Áridas) -- UACH. Unidad Regional Universitaria de Zonas Áridas | ||
| 590 |
_aBATCH-UPD _b05 _c20141002 _lUCH01 _h0859 |
||
| 590 |
_aE6096MTM _b05 _c20140402 _lUCH01 _h1343 |
||
| 590 |
_aE6096MTM _b05 _c20140402 _lUCH01 _h1346 |
||
| 650 | 1 | 4 |
_aAgricultura _xPlagas. _91764 |
| 650 | 1 | 4 |
_aControl biológico de plagas. _927587 |
| 650 | 1 | 4 |
_aControl de plagas. _927595 |
| 650 | 1 | 4 |
_aDepredación (Biología) _931850 |
| 650 | 1 | 4 |
_aInsectos _xCatálogos y colecciones. _958902 |
| 650 | 1 | 4 |
_aInsectos _xIdentificación. _958929 |
| 650 | 1 | 4 |
_aNogal _xPlagas. _981564 |
| 650 | 1 | 4 |
_aNogal _zComarca Lagunera. _981574 |
| 650 | 1 | 4 |
_aPresa _xPlagas. _991412 |
| 856 |
_aFinding aid _uhttp://10.13.5.2/tesis/sist109094.pdf _zTeclea aquí |
||
| 901 | _aBK | ||
| 942 | _cTESIS | ||
| 942 | _n0 | ||
| 999 |
_c105556 _d105556 |
||